000 00986nam a2200229Ia 4500
999 _c37571
_d37571
001 3540
003 GE_BSU
005 20190528184410.0
008 181216s1976|||| |||||||||||||| ||geo||
040 _cGE_BSU
041 _ageo
080 _a544(075.8) კ-67
100 _aკოკოჩაშვილი,ვ.
_91764
245 _aფიზიკური ქიმია :.წიგნი პირველი : სახელმძღვანელო /
_cვ. კოკოჩაშვილი ; კ . ჯაფარიძის ; რედაქციით.
250 _aმეორე გადამუშავებული გამოცემა.
264 _aთბილისი :
_bუნ-ტის გამ-ბა,
_c1976.
300 _a376 გვ .:
_c22 სმ.
653 _aფიზიკური ქიმია
653 _aქიმია
700 _aჯაფარიძე, კ
_eრედაქციით
_91765
942 _cBK
_2udc